000 01821nam a2200397 c 4500
003 BLK
005 20240415130916.0
008 180410b bul|||||r ||||||| ||bul||
010 _aKNG00168937000
040 _aBLK
041 _aBUL
_cBUL
072 7 _2bullib
_aК
_xКраезнание
072 7 _2bullib
_aЦ
_xРедки и ценни
080 _aБългарска литература
_b821.163.2
_x-2
_z821.163.2-2
100 _aСтанчев, Тодор
_d1849-1903
_gЖурналист, литератор, общественик, театрален деец.
_qДрагошинов, Тодор Хаджистанчев
_9378312
139 _aХаджистанчев, Тодор
_bХ 16
245 1 0 _aСтефан Караджа
_bТрагедия в 5 д. из нар. ни живот
_cТодор Хаджистанчев.
257 _aBGR
260 _c1879
_fРусчук : Л. Каравелов и Н. К. Жейнов
_aРусчук
300 _a80 с., 1 л.
_bпортр.
_c21 см
380 _aX
600 1 4 _aСтефан Караджа
_9278810
653 _aСтефан Караджа
659 _aК
659 _aЦ
852 _aРб 879
852 _aК 821.163.2/Х 16
856 4 _qpdf
_i0.00
_lreg users access
_fСтефан Караджа Трагедия в 5 д. из нар. ни живот
_uhttp://185.138.176.146:18082/cgi-bin/koha/opac-retrieve-file.pl?id=ac576f5ea24760c4604040697425c8f5
_xebook
_zСтефан Караджа Трагедия в 5 д. из нар. ни живот
942 _cKNG
_n0
_s1
944 _aCR
_c18.12.2014
_lМоника Янева
_k30570
944 _aED
_c18.12.2014
_l18.12.2014 - от С1,Р / 18.12.2014
999 _c161612
_d161612
999 _d161612
999 _d161612
999 _d161612
999 _d161612